• 首页
  • 本馆介绍
  • 公告通知
  • 最新文献
  • 馆藏检索
  • 电子资源
  • 读者导购
  • 参考咨询
  • 我的图书馆
  • 登录
  • 详细信息显示
  • 放入我的书架
  • 预约/预借图书
  • 作者相关作品
  • 分类相关作品
  • 丛书相关作品
  • 出版社相关作品

书目信息

  • 表格格式
  • 工作单格式
  • 卡片格式
题名:
足球比赛体系与战术打法
    
 
作者: 邦斯博 , 佩特森 著 ;王跃新 , 吕志刚 译
分册:  
出版信息: 北京   人民体育出版社  2002
页数: 142页
开本: 19cm
丛书名:
单 册:
中图分类: G843.19
科图分类:
主题词: 足球运动--运动竞赛--基本知识 , 足球运动--竞赛战术--基本知识
电子资源:
ISBN: 7-5009-2299-X
000 00815nam0 2200241 45
001 0401232027
005 20040430091324.7
010    @a7-5009-2299-X@dCNY12.00
100    @a20040123d2002 km y0chiy0120 ea
101 0  @achi@cdan
105    @aa z 000yy
200 1  @a足球比赛体系与战术打法@AZu Qiu Bi Sai Ti Xi Yu Zhan Shu Da Fa@f(丹)廷斯·邦斯博,比厄·佩特森著@F(Dan)Ting Si·Bang Si Bo,Bi E·Pei Te Sen Zhu@g王跃新,吕志刚译
210    @a北京@c人民体育出版社@d2002
215    @a142页@c图@d19cm
606 0  @a足球运动@x运动竞赛@x基本知识
606 0  @a足球运动@x竞赛战术@x基本知识
690    @aG843.19@v4
701  0 @a邦斯博@4著
701  0 @a佩特森@4著
702  0 @a王跃新@AWang Yue Xin@4译
702  0 @a吕志刚@ALu Zhi Gang@4译
801    @aCN@bTSTCL@c20040123
905    @b332151-155@dG843.19@e146@f5
    
    足球比赛体系与战术打法/(丹)廷斯·邦斯博,比厄·佩特森著/王跃新,吕志刚译.-北京:人民体育出版社,2002
    142页:图;19cm
    
    
    ISBN 7-5009-2299-X:CNY12.00
    
●
相关链接 在E读中查询图书 在五车中查询图书 在当当中查询图书 在豆瓣中查询图书


正题名:足球比赛体系与战术打法     索取号:G843.19/146         预约/预借

序号 登录号 条形码 馆藏地/架位号 状态 备注
1 0332151   203321510   第四借阅区/ [索取号:G843.19/146] 在馆    
2 0332152   203321529   第四借阅区/ [索取号:G843.19/146] 在馆    
3 0332153   203321538   第四借阅区/ [索取号:G843.19/146] 在馆    
4 0332154   203321547   第四借阅区/ [索取号:G843.19/146] 在馆    
5 0332155   203321556   第一样本阅览室/ [索取号:G843.19/146] 在馆    
唐山师范学院图书馆 欢迎您!
大连网信软件有限公司© 版权所有